Statistics for Japan Football Team World Cup Starting XI

Click here to take the quiz!

General Stats

  • This quiz has been taken 302 times
    (244 since last reset)
  • The average score is 14 of 60

Answer Stats

Player% Correct
Keisuke Honda
79%
Shinji Kagawa
64%
Yuto Nagatomo
63%
Maya Yoshida
58%
Shinji Okazaki
56%
Wataru Endo
55%
Yasuhito Endō
54%
Hidetoshi Nakata
51%
Kōji Nakata
51%
Eiji Kawashima
48%
Junya Ito
48%
Daichi Kamada
46%
Hiroki Sakai
45%
Ritsu Doan
44%
Daizen Maeda
40%
Shunsuke Nakamura
38%
Shūichi Gonda
37%
Makoto Hasebe
35%
Marcus Tulio Tanaka
33%
Takashi Inui
31%
Yuya Osako
29%
Yuya Osako
29%
Ko Itakura
24%
Genki Haraguchi
21%
Hidemasa Morita
20%
Yoshikatsu Kawaguchi
20%
Shogo Taniguchi
19%
Atsuto Uchida
18%
Takayuki Suzuki
17%
Junichi Inamoto
16%
Shinji Ono
15%
Gaku Shibasaki
14%
Hotaru Yamaguchi
12%
Motohiro Yamaguchi
12%
Shoji Jo
12%
Alessandro Santos
10%
Gen Shoji
10%
Seigo Narazaki
10%
Yasuyuki Konno
10%
Yoshito Ōkubo
10%
Yuji Nakazawa
10%
Yuki Abe
10%
Daisuke Matsui
9%
Naohiro Takahara
9%
Tsuneyasu Miyamoto
9%
Yūichi Komano
8%
Kazuyuki Toda
7%
Atsushi Yanagisawa
6%
Masashi Nakayama
6%
Naoki Soma
6%
Hiroshi Nanami
5%
Akira Kaji
4%
Masami Ihara
4%
Mitsuo Ogasawara
4%
Tomokazu Myojin
4%
Yutaka Akita
4%
Akira Narahashi
3%
Eisuke Nakanishi
3%
Naoki Matsuda
3%
Takashi Fukunishi
3%

Score Distribution

Percentile by Number Answered

Percent of People with Each Score

Your Score History

You have not taken this quiz since the last reset